00864nam a22002291 450000100060000000300080000600500170001400800410003103500190007204000350009104100080012608200210013410000360015524501490019126000420034030000280038249000830041050400910049365000220058465000110060665000170061733301BD-RjUL20211209052001.0140507s1941 nyu 001 0 eng d a(BD-RjUL)33392 aDLCcOClUdOCoLCdBD-RjULbeng aeng a301.15bKEL 19831 aKeliher, Alice Virginia,d1903-10aLife and growth /cby Alice V. Keliher, with the Commission on Human Relations; drawings by Pictorial Statistics, inc., assisted by Irving Geis. aNew York :bAppleton-Century,cc1941. ax, 245p.bill. ;c21cm.0 aProgressive Education Association publications. Commission on Human Relations a"Suggestions for further study": p. 221-231; "Note to teachers": p. 232-233. and Index 0aSocial psychology 0aGrowth 0aReproduction